000 00470nam a2200169Ia 4500
005 20250508153410.0
008 008 250505s9999 xx 000 0 hin d
037 _aTextual
040 _aFEDL
_beng
_cFEDL
041 _ahin
_2eng
084 _a491.430 7, UTT
_qFEDL
245 0 _aHindi parshikshan seminar
260 _aUttar Pradesh, India
_bShiksha Vibhag
_c1956
300 _a60p.
942 _cTEXL
_h491.430 7, UTT
999 _c1342580
_d1342580